drogie marki samochodów - Statystyki

Ogólne statystyki
  • Ten quiz został rozwiązany 179 razy
    134 od ostatniego zresetowania
  • Średni wynik to 4 z 8
Statystyki odpowiedzi
marki % Poprawnych
lamborghini
90%
ferrari
88%
bugatti
78%
rolls-royce
49%
mclaren
42%
audi/R8
39%
porshe
30%
ford/mustang
24%
Nie znaleziono quizów pasujących do podanych kryteriów
Rozkład punktacji
Procent ludzi z każdym wynikiem
Percentyl według liczby udzielonych odpowiedzi
Twoja historia wyników
Nie rozwiązałeś tego quizu od ostatniego zresetowania